Chansons Iron Maiden - Statistiques

Statistiques générales
  • Ce quiz a été pris 402 fois
  • Le résultat moyen est 52 sur 155
Statistiques - réponses
Album Chanson % Correct
Iron Maiden Iron Maiden
88%
Killers Killers
88%
The Number of the Beast The Number of the Beast
88%
Piece of Mind The Trooper
86%
Powerslave Powerslave
85%
Fear of the Dark Fear of the Dark
84%
The Number of the Beast Run to the Hills
79%
Seventh Son of a Seventh Son Seventh Son of a Seventh Son
77%
The Number of the Beast Hallowed Be Thy Name
74%
Powerslave Aces High
72%
Powerslave 2 Minutes to Midnight
70%
Iron Maiden Phantom of the Opera
67%
Piece of Mind Flight of Icarus
63%
Somewhere in Time Wasted Years
62%
Brave New World Brave New World
61%
Somewhere in Time Alexander the Great
60%
Somewhere in Time Caught Somewhere in Time
60%
Dance of Death Dance of Death
60%
Iron Maiden Prowler
60%
Powerslave Rime of the Ancient Mariner
56%
Iron Maiden Charlotte the Harlot
55%
The Number of the Beast Children of the Damned
55%
No Prayer for the Dying No Prayer for the Dying
55%
Piece of Mind Where Eagles Dare
55%
Iron Maiden Running Free
54%
The Number of the Beast 22 Acacia Avenue
52%
Seventh Son of a Seventh Son Can I Play With Madness ?
52%
The Number of the Beast The Prisoner
52%
The Number of the Beast Gangland
51%
Iron Maiden Transylvania
51%
Fear of the Dark Wasting Love
51%
Seventh Son of a Seventh Son Moonchild
50%
The Number of the Beast Invaders
49%
Piece of Mind Revelations
49%
Seventh Son of a Seventh Son The Clairvoyant
48%
Killers Wrathchild
47%
Somewhere in Time Stranger In A Strange Land
46%
Fear of the Dark Be Quick or Be Dead
45%
Somewhere in Time Déjà-vu
45%
Seventh Son of a Seventh Son The Evil That Men Do
45%
Killers The Ides of March
45%
The Book of Souls The Book of Souls
44%
Powerslave Back in the Village
43%
Brave New World Blood Brothers
43%
Powerslave Flash of the Blade
43%
Fear of the Dark Afraid to Shoot Strangers
42%
Seventh Son of a Seventh Son Infinite Dreams
42%
Killers Murders in the Rue Morgue
42%
Iron Maiden Remember Tomorrow
41%
Powerslave The Duellists
41%
Piece of Mind Die With Your Boots On
40%
Killers Genghis Khan
40%
Somewhere in Time Heaven Can Wait
40%
No Prayer for the Dying Mother Russia
39%
Iron Maiden Sanctuary
39%
The Final Frontier Satellite 15.....The Final Frontier
38%
Brave New World The Wicker Man
38%
Killers Purgatory
37%
Virtual XI The Clansman
37%
Seventh Son of a Seventh Son The Prophecy
37%
Piece of Mind To Tame a Land
37%
Brave New World Ghost of the Navigator
36%
Powerslave Losfer Words (Big 'Orra)
36%
Seventh Son of a Seventh Son Only the Good Die Young
36%
The X Factor Sign of the Cross
36%
No Prayer for the Dying Bring Your Daughter... To The Slaughter
35%
No Prayer for the Dying Holy Smoke
35%
Somewhere in Time Sea of Madness
35%
Somewhere in Time The Loneliness of the Long Distance Runner
35%
Piece of Mind Still Life
33%
Iron Maiden Strange World
33%
Piece of Mind Sun and Steel
32%
Fear of the Dark From Here to Eternity
31%
Fear of the Dark Judas Be My Guide
31%
Dance of Death Paschendale
31%
Piece of Mind Quest for Fire
31%
Brave New World The Nomad
30%
Killers Drifter
29%
No Prayer for the Dying Tailgunner
29%
No Prayer for the Dying The Assassin
29%
Fear of the Dark Fear is the Key
28%
Fear of the Dark Weekend Warrior
28%
Brave New World The Mercenary
27%
The Book of Souls Empire of the Clouds
26%
Killers Prodigal Son
26%
Dance of Death Rainmaker
26%
Virtual XI Futureal
25%
Killers Innocent Exile
25%
The Book of Souls Speed of Light
25%
Brave New World The Thin Line Between Love and Hate
25%
Killers Another Life
24%
Fear of the Dark Childhood's End
24%
Fear of the Dark The Apparition
24%
Fear of the Dark Chains of Misery
23%
The X Factor Lord of the Flies
22%
The Book of Souls The Red and the Black
22%
The Final Frontier Coming Home
21%
Brave New World Dream of Mirrors
21%
The Final Frontier El Dorado
21%
Dance of Death Journeyman
21%
Dance of Death No More Lies
21%
Brave New World The Fallen Angel
21%
A Matter of Life and Hate The Pilgrim
21%
Dance of Death Wildest Dreams
21%
A Matter of Life and Hate The Reincarnation of Benjamin Breeg
20%
The Number of the Beast Total Eclipse
20%
A Matter of Life and Hate Different World
19%
A Matter of Life and Hate For the Greater Good of God
19%
No Prayer for the Dying Hooks in You
19%
Dance of Death Montségur
19%
Brave New World Out of the Silent Planet
19%
The Final Frontier The Talisman
19%
The Final Frontier When the Wild Wind Blows
19%
The X Factor Man on the Edge
18%
No Prayer for the Dying Public Enema Number One
18%
The X Factor 2 A.M
17%
The Book of Souls Tears of a Clown
17%
The Final Frontier The Alchemist
17%
Fear of the Dark The Fugitive
17%
A Matter of Life and Hate These Colours Don't Run
17%
A Matter of Life and Hate Brighter Than A Thousand Suns
16%
The Book of Souls If Eternity Should Fail
16%
The Final Frontier Mother of Mercy
16%
Virtual XI The Angel and the Gambler
16%
A Matter of Life and Hate The Legacy
16%
A Matter of Life and Hate The Longest Day
16%
Virtual XI Como Estais Amigos
15%
The X Factor The Aftermath
15%
Dance of Death Age of Innocence
14%
The Book of Souls Death or Glory
13%
No Prayer for the Dying Fates Warning
13%
Killers Twilight Zone
13%
Dance of Death Face in the Sand
12%
Dance of Death Gates of Tomorrow
12%
Virtual XI Lightning Strikes Twice
12%
A Matter of Life and Hate Lord of Light
12%
Dance of Death New Frontier
12%
A Matter of Life and Hate Out of the Shadows
12%
No Prayer for the Dying Run Silent Run Deep
12%
The Book of Souls The Man of Sorrows
11%
The Final Frontier The Man Who Would Be King
11%
The X Factor The Unbeliever
11%
The Book of Souls When the River Runs Deep
11%
Virtual XI When Two Worlds Collide
11%
The X Factor Fortunes of War
10%
Virtual XI Don't Look to the Eyes of a Stranger
9%
The X Factor Judgement of Heaven
9%
The X Factor Look for the Truth
9%
The X Factor The Edge of Darkness
8%
The X Factor Blood on the World's Hands
7%
The Final Frontier Isle of Avalon
7%
The Book of Souls Shadows of the Valley
7%
The Final Frontier Starblind
7%
Virtual XI The Educated Fool
7%
The Book of Souls The Great Unknown
7%
Aucun quiz correspondant
Distribution des résultats
% des personnes avec chaque résultat
Percentile par nombre de réponses
Votre historique - résultats
Vous n’avez pas pris ce quiz